Biblioteca y Centro de Documentación

La negociación colectiva en la Comunidad de Madrid en 2007 y avance de 2008 (Registro nro. 21807)

Detalles MARC
000 -CABECERA
Longitud fija campo de control 01835nam a2200397 c 4500
001 - NÚMERO DE CONTROL
Número de control 21807
003 - IDENTIFICADOR DE NÚMERO DE CONTROL
Identificador del número de control ES-MaCES
005 - FECHA Y HORA DE LA ÚLTIMA TRANSACCIÓN
Fecha y hora de la última transacción 20141221122739.0
008 - CAMPO FIJO DE DESCRIPCIÓN FIJA--INFORMACIÓN GENERAL
Códigos de información de longitud fija   090130s2008 sp d s o000 | spa d
017 ## - NÚMERO DE REGISTRO DE DERECHOS DE AUTOR Y DEPÓSITO LEGAL
Número de copyright o de depósito legal M 48750-2008
Agencia que asigna el número DL
020 ## - ISBN (INTERNATIONAL STANDARD BOOK NUMBER)
Número Internacional Normalizado para Libros (ISBN) 8445131664
035 ## - NÚMERO DE CONTROL DEL SISTEMA
Número de control del sistema CES20090000965m
040 ## - FUENTE DE CATALOGACIÓN
Centro catalogador de origen ES-MaCES
Lengua de catalogación spa
Centro transcriptor ES-MaCES
245 03 - MENCIÓN DE TÍTULO
Título La negociación colectiva en la Comunidad de Madrid en 2007 y avance de 2008
Resto del título : cuadros estadísticos de los resultados definitivos de los convenios colectivos de 2006
260 ## - PUBLICACIÓN, DISTRIBUCIÓN, ETC (PIE DE IMPRENTA)
Lugar de publicación, distribución, etc. Madrid
Nombre del editor, distribuidor, etc. Consejo Económico y Social, Comunidad de Madrid
Fecha de publicación, distribución, etc. [2008]
300 ## - DESCRIPCIÓN FÍSICA
Extensión 191 p.
Otras características físicas gráf. col.
Dimensiones 28 cm
Material anejo 1 CD-ROM
500 ## - NOTA GENERAL
Nota general Publ. también en CD-ROM, que incluye: Informe la negociación colectiva en 2007, avance de la negociación colectiva en 2008 y estadística de convenios colectivos desde 1994 hasta 2008
541 ## - NOTA DE LA FUENTE INMEDIANTE DE ADQUISICIÓN
Forma de adquisición Gratuito
650 #4 - ASIENTO SECUNDARIO DE MATERIA--TÉRMINO DE MATERIA
Término de materia o nombre geográfico como elemento inicial negociación colectiva
9 (RLIN) 28362
650 #4 - ASIENTO SECUNDARIO DE MATERIA--TÉRMINO DE MATERIA
Término de materia o nombre geográfico como elemento inicial condiciones de trabajo
9 (RLIN) 28327
650 #4 - ASIENTO SECUNDARIO DE MATERIA--TÉRMINO DE MATERIA
Término de materia o nombre geográfico como elemento inicial convenio colectivo
9 (RLIN) 28361
650 #4 - ASIENTO SECUNDARIO DE MATERIA--TÉRMINO DE MATERIA
Término de materia o nombre geográfico como elemento inicial 2007
9 (RLIN) 31880
650 #4 - ASIENTO SECUNDARIO DE MATERIA--TÉRMINO DE MATERIA
Término de materia o nombre geográfico como elemento inicial Madrid (Comunidad Autónoma)
9 (RLIN) 30777
650 #4 - ASIENTO SECUNDARIO DE MATERIA--TÉRMINO DE MATERIA
Término de materia o nombre geográfico como elemento inicial 2008
9 (RLIN) 31908
650 #4 - ASIENTO SECUNDARIO DE MATERIA--TÉRMINO DE MATERIA
Término de materia o nombre geográfico como elemento inicial informe
9 (RLIN) 28986
650 #4 - ASIENTO SECUNDARIO DE MATERIA--TÉRMINO DE MATERIA
Término de materia o nombre geográfico como elemento inicial datos estadísticos
9 (RLIN) 30765
650 #4 - ASIENTO SECUNDARIO DE MATERIA--TÉRMINO DE MATERIA
Término de materia o nombre geográfico como elemento inicial CD ROM
9 (RLIN) 30331
653 10 - TÉRMINO DE INDEXACIÓN--NO CONTROLADO
Término no controlado Relaciones laborales-Empleo
710 2# - ENCABEZAMIENTO SECUNDARIO--NOMBRE CORPORATIVO
Nombre de entidad o nombre de jurisdicción como elemento inicial Consejo Económico y Social (Madrid)
Término indicativo de función ed.
9 (RLIN) 2424
740 02 - ENCABEZAMIENTO SECUNDARIO--TÍTULO ANALÍTICO/RELACIONADO NO CONTROLADO
Título relacionado o analítico no controlado Estadística de convenios colectivos [de la Comunidad de Madrid] desde 1994 hasta 2008
787 0# - ENTRADA DE OTRAS ESPECIFICACIONES
Título La negociación colectiva en la Comunidad de Madrid en 2008 y avance de 2009 y cuadros estadísticos de los resultados definitivos de los convenios colectivos de 2007
Número de control del registro relacionado (ES-MaCES)22762
787 0# - ENTRADA DE OTRAS ESPECIFICACIONES
Título La negociación colectiva en la Comunidad de Madrid en 2006 y avance de 2007
Número de control del registro relacionado (ES-MaCES)21808
902 ## - CES. TIPO DE DOCUMENTO
Tipodoc (006$c Sirtex) LIB Libro
942 ## - ELEMENTOS KOHA
Fuente de clasificaión o esquema Clasificación propia del CES
Koha [por defecto] tipo de item Monografías
Parte de clasificación 2.0.
Existencias
Número de registro Signatura completa Tipo de item de Koha
073164 CES MADRID-106 Monografías
073174 SR-CD-805 Monografías
© CES, Consejo Económico y Social de España 2021